[Elogio del Excmo. Sr. D. Jerónimo Borao, pronunciado con motivo del primer aniversario de su muerte / (Record no. 164592)

MARC details
000 -LEADER
campo de control de longitud fija 00961nam a2200217 i 4500
001 - NÚMERO DE CONTROL
campo de control 164592
003 - IDENTIFICADOR DE NÚMERO DE CONTROL
campo de control ES-MaACL
005 - FECHA Y HORA DE LA ÚLTIMA TRANSACCIÓN
campo de control 20250928123905.0
008 - DATOS DE LONGITUD FIJA--INFORMACIÓN GENERAL
campo de control de longitud fija 050802s1880 sp | |||||||| ||spa d
040 ## - FUENTE DE CATALOGACIÓN
Centro catalogador/agencia de origen CAM
Lengua de catalogación spa
Centro/agencia transcriptor CAM
100 1# - ENTRADA PRINCIPAL--NOMBRE DE PERSONA
Nombre de persona Sánchez Moguel, Antonio,
Fechas asociadas al nombre 1838-1913
9 (RLIN) 102783
245 10 - MENCIÓN DEL TÍTULO
Título [Elogio del Excmo. Sr. D. Jerónimo Borao, pronunciado con motivo del primer aniversario de su muerte /
Mención de responsabilidad, etc. Antonio Sánchez Moguel].
260 ## - PUBLICACIÓN, DISTRIBUCIÓN, ETC.
Lugar de publicación, distribución, etc. [Zaragoza :
Nombre del editor, distribuidor, etc. s.n.,
Fecha de publicación, distribución, etc. 1880 (
Fabricante Imp. del Hospicio Provincial])
300 ## - DESCRIPCIÓN FÍSICA
Extensión 16 p. ;
Dimensiones 20 cm.
594 ## - Nota al título y mención de responsabilidad
Nota al título y mención de responsabilidad Datos tomados de nota ms. en pag.1 y de Ariadna.
600 14 - PUNTO DE ACCESO ADICIONAL DE MATERIA--NOMBRE DE PERSONA
Nombre de persona Borao, Jerónimo,
Fechas asociadas al nombre 1821-1878
9 (RLIN) 30345
852 ## - LOCALIZACIÓN
Ubicación ES-MaACL
Número de control de estantería T-368-F-13
Nota libre -- Enc. hol.
condición física -- Falto de la port.
Nota libre -- Enc. en un vol. facticio
852 ## - LOCALIZACIÓN
Ubicación ES-MaACL
Número de control de estantería T-360-F-18
Nota libre .- Enc. hol.
condición física -- Falto de la port.
Nota libre -- Enc. en un vol. facticio
852 ## - LOCALIZACIÓN
Ubicación ES-MaACL
Número de control de estantería T-340-F-2
condición física .- Ejemplar sin portada
Holdings
Estatus retirado Estado de pérdida Estado de daño No para préstamo Colección Biblioteca de origen Biblioteca actual Ubicación en estantería Fecha de adquisición Fuente de adquisición Total de préstamos Signatura topográfica completa Código de barras Visto por última vez Precio de reemplazo Tipo de ítem Koha
        Colección de folletos Biblioteca del Ateneo de Madrid Biblioteca del Ateneo de Madrid Depósito folletos 07/05/2005     T-340-F-2 1201852 23/02/2023 23/02/2023 Folleto
        Colección de folletos Biblioteca del Ateneo de Madrid Biblioteca del Ateneo de Madrid Depósito folletos 17/01/2008     T-368-F-13 1172533 23/02/2023 23/02/2023 Folleto
        Colección de folletos Biblioteca del Ateneo de Madrid Biblioteca del Ateneo de Madrid Depósito folletos 23/08/2013     T-360-F-18 1191766 23/02/2023 23/02/2023 Folleto